000 00681nam a2200241 i 4500
001 C2-0216052
003 PPAK
005 20180728104657.0
008 990511s1963 my a|||| ||||| | eng d
040 _aPPAK
_beng
_cPPAK
_erda
082 0 4 _a959.504
_2 23
090 0 0 _a959.504
_bJEN
_dKAR
090 0 0 _a959.504
_bJEN
_dKWI
100 1 _aJessy, Joginder Singh,
_eauthor
245 1 0 _aHistory of Malaya (1400 - 1959)
264 1 _aPenang :
_bUnited Publishers ,
_c1963
300 _axx, 366 pages :
_billustrations ;
_c21 cm
336 _2rdacontent
_atext
337 _2rdamedia
_aunmediated
338 _2rdacarrier
_avolume
650 1 0 _aMalaya - History
942 _ddc
_cB
999 _c159737
_d159737